01001cam a2200253 a 450000100100000000500170001000800410002704000250006808200170009310000430011024500590015324600240021226000400023630000210027650000490029750400350034665000290038165000540041074000240046404900090048895201200049795201150061799900150073200000960320200929161635.0850501s1977 mx 001 j spa  aDO-SdBNPbspadBNPHU a843.8bA516c1 aAmicis, Edmundo de,d1846-1908.92445110aCorazón ;bdiario de un niño /cEdmundo de Amicis.13aDiario de un niño aMéxico :bEditorial Diana,c1977. a301 p. ;c20 cm. a13a impresión de la primera edición,1977 aIncluye índice p. (299-301). 4aCuentos franceses913634 4aCuentos francesesxColecciones de escritos92445204aDiario de un niño aBNGR 001052708MOaGRbGRcCTd2009-09-30iLF1l0o843.8 A516cp9603-10r2020-06-25w2020-06-25y2ZPréstamo interno 0010507-18MOaPDbPDcOId2017-03-29iLF1l0o843.8 A516cp9603-20r2020-06-25w2020-06-25y1ZNo se presta c9363d9363